| 000 | 00649nam a2200205Ia 4500 | ||
|---|---|---|---|
| 003 | IN-BaIIA | ||
| 008 | 211028s9999 xx 000 0 eng d | ||
| 040 | _cIIA Library | ||
| 080 |
_a083.7:669.268.7 _bISI |
||
| 110 | _aIndian Standards Institution | ||
| 245 | 0 |
_aIndian standard specification for hard chromium eletroplated coatings on iron and steel _cIndian Standards Institution |
|
| 260 |
_aNew Delhi _bIndian Standards Institution _c1968 |
||
| 300 | _a6p. | ||
| 500 | _aIS 1337 : 1968 | ||
| 650 |
_aElectroplating-Standards _99337 |
||
| 650 |
_aHard Chromium _99338 |
||
| 650 | _aNASA Thesaurus | ||
| 650 |
_aStandards _98876 |
||
| 942 | _cBK | ||
| 999 |
_c5354 _d5354 |
||